| 000 | 00883nam a22002057a 4500 | ||
|---|---|---|---|
| 999 |
_c9035 _d9035 |
||
| 003 | AR-CdUCM | ||
| 008 | 190327b ||||| |||| 00| 0 spa d | ||
| 040 |
_aMUNICIPALIDAD PROVINCIAL DEL CUSCO _cBIBLIOTECA MUNICIPAL DEL CUSCO |
||
| 082 |
_a701 / _bW86 |
||
| 100 |
_aWorringer, Wilhelm _924990 |
||
| 245 |
_aAbstracción y naturaleza / _cW. Worringer |
||
| 260 |
_aMéxico : _bFondo de Cultura Económica, _c1953. |
||
| 300 |
_a137 páginas ; _c17.5 cm. |
||
| 505 | _aContenido: Abstracción y proyección sentimental -- Naturalismo y estilo -- La ornamentación -- Algunos ejemplos de la arquitectura y la plástica desde puntos de vista de abstracción y proyección sentimental -- Arte prerrenacentista del norte ... | ||
| 650 |
_aArte - Estética _924991 |
||
| 650 |
_aArte - Siglo XX _920102 |
||
| 650 |
_aArte - Filosofía _924992 |
||
| 942 |
_2ddc _cLIBROS |
||
| 945 | _alccs | ||